| Поле | Инд. | ПП | Название | Значение |
|---|---|---|---|---|
| Тип записи | a | |||
| Библиографический уровень | b | |||
| 001 | Контрольный номер | UNIDUBNA6cd97682bb454332ae778312684d20c3 | ||
| 005 | Дата корректировки | 20230113153442.2 | ||
| 008 | Кодируемые данные | 20170331 | ||
| 040 | b | Код языка каталог. | rus | |
| e | Правила каталог. | PSBO | ||
| 041 | 0_ | a | Код языка текста | rus |
| 084 | a | Индекс другой классификации/Индекс ББК | 67.410.114 | |
| 100 | 1_ | a | Автор | Курченко В.Н. |
| q | Полное имя | Курченко Вячеслав Николаевич | ||
| 245 | 10 | a | Заглавие | Требование мотивированности приговора (судебного решения) в контексте юридического качества судебных актов |
| 520 | 0_ | a | Аннотация | В статье рассматриваются качественные критерии, относящиеся к судебному решению. Качество решения суда является важным аспектом судебной деятельности. Решение суда должно быть хорошо мотивированным. Для сторон высокое качество мотивировки решения суда является важной гарантией их правовой защиты. В статье рассматривается качество правосудия не только через его результаты (вынесение законного решения), но и через призму тех критериев, которые так или иначе влияют на юридическое качество судебных актов. Вынесение законного, обоснованного и справедливого решения по делу - это «зона ответственности» исключительно состава суда, председательствующего судьи |
| 650 | 14 | a | Основная рубрика | гражданское процессуальное право |
| a | Основная рубрика | право | ||
| a | Основная рубрика | процессуальное право | ||
| a | Основная рубрика | судопроизводство | ||
| 653 | 0_ | a | Ключевые слова | гражданский процесс |
| a | Ключевые слова | Гражданский процессуальный кодекс РФ | ||
| a | Ключевые слова | законность | ||
| a | Ключевые слова | провозглашение приговора | ||
| a | Ключевые слова | справедливость приговора | ||
| a | Ключевые слова | юридическая мотивировка приговора | ||
| 773 | 08 | t | Заглавие источника | Российская юстиция |
| d | Дата издания источника | 2022 | ||
| g | Прочая информация | № 2. - С. 29- 36 | ||
| w | Контрольный № источника | UNIDUBNA63de64125dd54efabdc9cec46abcd86c | ||
| 901 | t | Тип документа | b |